000 00461nam a2200181Ia 4500
001 22234
005 20260414150817.0
008 260414t2023||||xx |||||||||||||| ||spa||
041 _aESP
082 _a621.042
_bC46
100 _aCelik, Serdar,
_eAUT
245 0 _aSustainable energy :
_bngineering fundamentals and applications
260 _c2023
300 _axv, 426 páginas :
_c29 cm.
650 _aTCA
654 _aCII
942 _cLIB
_dJUS
_fJUS
_2ddc
_n
999 _c22234
_d22234